| 000 | 00554nam a2200181 i 4500 | ||
|---|---|---|---|
| 001 | 80822 | ||
| 003 | ES-MaACL | ||
| 007 | t| | ||
| 008 | 031029s1910 xxk ||||1| eng d | ||
| 100 | 1 |
_aHopkinson, B. _964175 |
|
| 245 | 1 | 0 |
_aVibrations of systems having one degree of freedom / _cby B. Hopkinson. |
| 260 |
_aCambridge : _b[s.n., _c1910] ( _fB. Hopkinson ; John Clay) |
||
| 300 |
_a54 p. ; _c22 cm. |
||
| 490 | 1 | _aCambridge engineering tracts | |
| 830 | 0 |
_aCambridge engineering tracts _9184376 |
|
| 852 |
_aES-MaACL _jC-8173 |
||
| 999 |
_c80822 _d80822 |
||